000 01203nam a22003737a 4500
001 000644
003 DO-SdBPM
005 20260317130058.0
007 ta
008 161107b 2004 mx a ||||| |||| 00| 0 spa d
020 _a9789681910211
040 _aBPMSU
_bspa
_cBPMSU
_e
082 0 4 _a813.5
_bD277a 2007
_222
100 1 _aDazinger, Paula
_d1944-2004.
_eautor
_4aut.
245 1 0 _aÁmbar en cuarto y sin su amigo /
_cPaula Dazinger ; ilustraciones Tony Ross.
250 _a
260 _c
264 _aMéxico :
_bAlfaguara,
_c2007
300 _a117 páginas :
_bilustraciones ;
_c20 cm.
336 _atexto
_btxt
_2rdacontent
337 _asin mediación
_bn
_2rdamedia
338 _avolumen
_bnc
_2rdacarrier
490 0 _aAlfaguara Infantil
500 _aIncluye datos biográficos de la autora
500 _aApartir desde niños de 8 años
500 _a
534 _pTítulo original.
_t Amber brown goes fourth.
590 _aInventariado, 2026/VM
650 7 _aCuentos infantiles estadounidenses.
650 7 _aAmistead
_vCuentos infantiles
700 1 _aRoss, Tony,
_eilustrador
910 _aVMateo v. Control de calidad. BPMSU
942 _2ddc
_cBK
999 _c11812
_d11812